| 000 | 00473nam a2200157Ia 4500 | ||
|---|---|---|---|
| 003 | LK-CoDNM | ||
| 008 | 010623t xxu||||| |||| 00| 1 sin d | ||
| 040 |
_aLK-CoDNM _dLK-CoDNM _eLK-CoDNM |
||
| 041 | _asin | ||
| 080 | _a301 KUM | ||
| 100 | _aKumarasiri, Jayantha | ||
| 245 | _aවඳවී යන ජාතියක අනුවේදනීය වාතාන්තය | ||
| 246 | _aVadavee Yana Jathiyaka Anuvedaneeya Vruthanthaya | ||
| 300 | _b100p, 21 cm | ||
| 942 | _cBK | ||
| 999 |
_c140904 _d140904 |
||